000 00395nam a22001337a 4500
999 _c7686
_d7686
005 20190306093247.0
008 190306b ||||| |||| 00| 0 eng d
040 _cjitshen
082 _a306 A25a 2019
245 _aAFD 103- Language and Culture( For Anthropology students) Spring 2019
260 _aThimphu ;
_bRoyal Thimphu College,
_c2019.
300 _a105-128 p.
_c30 cm.
942 _2ddc
_cBINDER